Top 10 countries with the highest smoking rate - Statistics

General Stats
  • This quiz has been taken 21 times
  • The average score is 4 of 10
Answer Stats
Smoking rate Country % Correct
39.1% Greece
62%
52.1% Nauru
62%
38.9% Bulgaria
52%
40.6% Serbia
52%
48.7% Tuvalu
52%
52% Kiribati
48%
44.7% Chile
38%
39.1% Bangladesh
24%
42.6% Lebanon
24%
44.5% Myanmar
19%
No matching quizzes found
Score Distribution
Percent of People with Each Score
Percentile by Number Answered
Your Score History
You have not taken this quiz